Normal view
MARC view
- ALGORITHIMS SIGNAL PROCESSING DIGITAL TECHNIQUES
Entry Topical Term
001 - CONTROL NUMBER
- control field: 74490
003 - CONTROL NUMBER IDENTIFIER
- control field: NUST
005 - DATE AND TIME OF LATEST TRANSACTION
- control field: 20210628205228.0
008 - FIXED-LENGTH DATA ELEMENTS
- fixed length control field: 210628|| aca||aabn | a|a d
040 ## - CATALOGING SOURCE
- Original cataloging agency: NUST
- Transcribing agency: NUST
150 ## - HEADING--TOPICAL TERM
- Topical term or geographic name entry element: ALGORITHIMS SIGNAL PROCESSING DIGITAL TECHNIQUES
670 ## - SOURCE DATA FOUND
- Source citation: Work cat.: (NUST): Kuo, Sen M Morgan, Dennis R 74489, Active noise control systems algorithms amd dsp implementations - with disk, 1996
